000 00464nam a22001817a 4500
003 MPLRDC
005 20220104123713.0
008 210129b ||||| |||| 00| 0 eng d
020 _a7-5043-0770-X
082 _a293.3 JT
100 _a继堂、晓丽编著
245 _a怎样给孩子起名字
_c
250 _a一版二刷
260 _a中国
_b中国广播电视出版社
_c1993
300 _b224
650 _a命相--姓名学
942 _cBK
_o293.3 JT
999 _c13520
_d13510